[Event "DEM U16 2015"]
[Site "Willingen GER"]
[Date "2015.05.30"]
[Round "9"]
[White "Ehmann, Thilo"]
[Black "Greßmann, Moritz"]
[Result "1-0"]
[Termination "normal"]
[Board "7"]
[WhiteElo "2234"]
[BlackElo "2022"]
[WhiteClock "01:04:38"]
[BlackClock "00:01:54"]
[PlyCount "99"]
[WhiteFideId "12940968"]
[BlackFideId "24695084"]
[EventCountry "GER"]
[EventRounds "9"]
[EventType "swiss"]
[EventDate "2015.05.23"]

1. e4 e5 2. Nf3 Nc6 3. Bc4 Bc5 4. b4 Bxb4 5. c3 Ba5 6. d4 d6 7. Qb3 Qe7 8. d5
Nd4 9. Nxd4 exd4 10. Qa4+ Kd8 11. O-O Bb6 12. Qc2 Nf6 13. Re1 Ng4 14. h3 d3 15.
Bxd3 Bxf2+ 16. Qxf2 Nxf2 17. Kxf2 Qh4+ 18. Kf1 Re8 19. Be3 Bd7 20. Nd2 Qf6+ 21.
Nf3 Qxc3 22. Rad1 f6 23. Kg1 Qa3 24. Bb1 b5 25. Nd4 Ke7 26. e5 dxe5 27. Nb3 Kf7
28. Nc5 Rad8 29. Nb7 Rb8 30. Nc5 Rbd8 31. Nb7 Bc8 32. Nxd8+ Rxd8 33. Rd3 Qa5
34. Bd2 Qb6+ 35. Be3 Qb7 36. Rc3 Bd7 37. Rc5 c6 38. Be4 Rc8 39. Rec1 Qc7 40.
dxc6 Be6 41. Rxb5 Rb8 42. Rb7 Rxb7 43. cxb7 Qb8 44. Rb1 f5 45. Bc6 f4 46. Bc5
f3 47. Bxf3 Bf5 48. Bd5+ Kf6 49. Rb2 Qc7 50. Rb5 1-0

[Event "DEM U16 2015"]
[Site "Willingen GER"]
[Date "2015.05.30"]
[Round "9"]
[White "Kololli, Kevin"]
[Black "Herbrig, Alexander"]
[Result "1/2-1/2"]
[Termination "normal"]
[Board "8"]
[WhiteElo "2138"]
[BlackElo "2025"]
[WhiteClock "01:30:49"]
[BlackClock "00:01:40"]
[PlyCount "160"]
[WhiteFideId "12936863"]
[BlackFideId "12952044"]
[EventCountry "GER"]
[EventRounds "9"]
[EventType "swiss"]
[EventDate "2015.05.23"]

1. e4 c5 2. Nf3 d6 3. d4 cxd4 4. Nxd4 Nf6 5. Nc3 a6 6. Bc4 e6 7. Bb3 Nbd7 8. f4
Nc5 9. Be3 Be7 10. O-O Qc7 11. f5 Bd7 12. fxe6 fxe6 13. Bg5 Nxb3 14. axb3 O-O
15. Qe2 Rae8 16. Rae1 b5 17. Qd2 Qb6 18. Kh1 Qb7 19. e5 dxe5 20. Nf3 b4 21. Nd1
Bb5 22. Rg1 Bc5 23. Be3 Rd8 24. Qc1 Bxe3 25. Nxe3 Ne4 26. h3 Ng3+ 27. Kh2 Ne2
28. Rxe2 Bxe2 29. Ng5 Qc6 30. Qe1 Bh5 31. Nc4 h6 32. Ne4 Qd5 33. Ng3 Bg6 34.
Qe2 e4 35. Ra1 h5 36. Rxa6 h4 37. Nf1 Bh5 38. Qe1 Qb7 39. Ra1 Qc7+ 40. Kh1 Qf4
41. Nfe3 Qg3 42. Qxb4 Rf2 43. Qe1 Rdf8 44. b4 Be2 45. b3 Bf1 46. Qxf1 Rxf1+ 47.
Rxf1 Rxf1+ 48. Nxf1 Qe1 49. Kg1 Qxb4 50. Kf2 Qc3 51. Nfe3 Kh7 52. Ke2 Kg6 53.
Nd2 Qd4 54. Ndc4 Kg5 55. Nd1 Kf4 56. Nde3 Kg3 57. Nd2 g6 58. Ndf1+ Kf4 59. Nc4
Qa7 60. Nfe3 Qf7 61. Nd2 Qf8 62. Kf2 Qb4 63. Ndc4 Qc5 64. Ke2 Kg3 65. Nd2 Qb5+
66. Ndc4 g5 67. Kf1 Qc5 68. Ke2 Qf8 69. Ke1 Qf2+ 70. Kd1 Kf4 71. b4 Qg1+ 72.
Kd2 Qa1 73. b5 Qd4+ 74. Ke2 Kg3 75. b6 Qd7 76. Kf1 Qb5 77. Ke1 Qb4+ 78. Kf1
Qb1+ 79. Ke2 e5 80. Nd2 Qb2 1/2-1/2

[Event "DEM U16 2015"]
[Site "Willingen GER"]
[Date "2015.05.30"]
[Round "9"]
[White "Gretz, Denis"]
[Black "Uksini, Bardhyl"]
[Result "1/2-1/2"]
[Termination "normal"]
[Board "9"]
[WhiteElo "2241"]
[BlackElo "2222"]
[WhiteClock "00:14:47"]
[BlackClock "00:30:23"]
[PlyCount "48"]
[WhiteFideId "12945188"]
[BlackFideId "1628313"]
[EventCountry "GER"]
[EventRounds "9"]
[EventType "swiss"]
[EventDate "2015.05.23"]

1. e4 c5 2. Nf3 e6 3. d4 cxd4 4. Nxd4 Nc6 5. Nc3 Qc7 6. Be3 a6 7. Qd2 Nf6 8. f3
Bb4 9. O-O-O b5 10. a3 Be7 11. g4 d6 12. g5 Nd7 13. h4 Na5 14. Kb1 Nb6 15. Nd5
Nxd5 16. exd5 e5 17. Nb3 Nc4 18. Bxc4 bxc4 19. Qc3 Bd7 20. Nd2 O-O 21. Qxc4 Qb7
22. Qb3 Qc7 23. Qc4 Qb7 24. Qb3 Qc7 1/2-1/2

[Event "DEM U16 2015"]
[Site "Willingen GER"]
[Date "2015.05.30"]
[Round "9"]
[White "Ramien, David"]
[Black "Rieper, Julian"]
[Result "1/2-1/2"]
[Termination "normal"]
[Board "10"]
[WhiteElo "1965"]
[BlackElo "1844"]
[PlyCount "45"]
[WhiteFideId "12948241"]
[BlackFideId "12936960"]
[EventCountry "GER"]
[EventRounds "9"]
[EventType "swiss"]
[EventDate "2015.05.23"]

1. e4 e5 2. Nf3 Nc6 3. Bc4 Nf6 4. d3 Be7 5. O-O O-O 6. Re1 d6 7. a4 Na5 8. Ba2
c5 9. c3 Nc6 10. Nbd2 h6 11. Nf1 Re8 12. Ne3 Bf8 13. Nd5 Be6 14. h3 Bxd5 15.
exd5 Ne7 16. d4 exd4 17. cxd4 Nexd5 18. Rxe8 Qxe8 19. dxc5 Nb4 20. cxd6 Nxa2
21. Rxa2 Rd8 22. Bf4 Bxd6 23. Bxd6 1/2-1/2

[Event "DEM U16 2015"]
[Site "Willingen GER"]
[Date "2015.05.30"]
[Round "9"]
[White "Rausch, Adrian"]
[Black "Ngo, Minh Duc"]
[Result "0-1"]
[Termination "normal"]
[Board "11"]
[WhiteElo "1929"]
[BlackElo "2040"]
[PlyCount "72"]
[WhiteFideId "12929069"]
[BlackFideId "12942693"]
[EventCountry "GER"]
[EventRounds "9"]
[EventType "swiss"]
[EventDate "2015.05.23"]

1. Nf3 Nf6 2. d4 d5 3. e3 Bg4 4. Nbd2 e6 5. Bd3 c5 6. c3 Nc6 7. h3 Bh5 8. O-O
Bd6 9. dxc5 Bxc5 10. Qa4 O-O 11. b4 Bd6 12. Bb2 e5 13. b5 Ne7 14. e4 Ng6 15.
exd5 Nxd5 16. Be4 Ngf4 17. Qb3 Nf6 18. Bxb7 Rb8 19. Bc6 Nd7 20. c4 Nc5 21. Qd1
f5 22. Nb3 Ncd3 23. Qc2 e4 24. Nbd4 exf3 25. Bxf3 Qg5 26. g3 Bxf3 27. Nxf3
Nxh3+ 28. Kh1 Qh5 29. Nh2 Nxb2 30. Qxb2 Rf6 31. Rac1 Rh6 32. f4 Bc5 33. Rc2 Re8
34. Qc1 Re2 35. Qd1 Nf2+ 36. Rxf2 Qxh2+ 0-1

[Event "DEM U16 2015"]
[Site "Willingen GER"]
[Date "2015.05.30"]
[Round "9"]
[White "Schmekel, Florian"]
[Black "Ronge, Tim"]
[Result "0-1"]
[Termination "normal"]
[Board "12"]
[WhiteElo "1881"]
[BlackElo "1943"]
[PlyCount "112"]
[WhiteFideId "12913456"]
[BlackFideId "12955418"]
[EventCountry "GER"]
[EventRounds "9"]
[EventType "swiss"]
[EventDate "2015.05.23"]

1. d4 Nf6 2. c4 g6 3. Nc3 d5 4. cxd5 Nxd5 5. e4 Nxc3 6. bxc3 Bg7 7. Bc4 c5 8.
Ne2 O-O 9. Be3 Nc6 10. O-O Bd7 11. Rb1 Rc8 12. Bd5 e6 13. Bb3 cxd4 14. cxd4 Na5
15. d5 Nxb3 16. Qxb3 exd5 17. exd5 Bf5 18. Rbc1 Be4 19. Qxb7 Bxd5 20. Rxc8 Bxb7
21. Rxd8 Rxd8 22. Ng3 a6 23. Rb1 Bd5 24. Rd1 Rd7 25. h3 f5 26. Ne2 Kf7 27. Bc5
Ke8 28. a3 Bc4 29. Rxd7 Kxd7 30. Nd4 Be5 31. f3 Bg3 32. Bb4 Kc7 33. Nc2 Kc6 34.
Ne3 Kb5 35. Be7 Bb3 36. h4 h5 37. Nf1 Bf4 38. g3 Bc1 39. Nh2 Ka4 40. g4 Bxa3
41. Bd8 Bc5+ 42. Kf1 Bc4+ 43. Ke1 a5 44. gxh5 gxh5 45. f4 Be3 46. Bc7 Kb4 47.
Nf3 a4 48. Nd2 Bd3 49. Kd1 Kc3 50. Be5+ Bd4 51. Bd6 Kb2 52. Nf3 Bc3 53. Ne5 Bf1
54. Ng6 a3 55. Bxa3+ Kxa3 56. Ne7 Bd3 0-1

[Event "DEM U16 2015"]
[Site "Willingen GER"]
[Date "2015.05.30"]
[Round "9"]
[White "Nothnagel, Marian Can"]
[Black "Tiarks, Jann-Christian"]
[Result "1-0"]
[Termination "normal"]
[Board "13"]
[WhiteElo "1904"]
[BlackElo "1806"]
[PlyCount "41"]
[WhiteFideId "12921530"]
[BlackFideId "12951595"]
[EventCountry "GER"]
[EventRounds "9"]
[EventType "swiss"]
[EventDate "2015.05.23"]

1. e4 c6 2. d4 d5 3. Nc3 dxe4 4. Nxe4 Bf5 5. Ng3 Bg6 6. Nf3 Nd7 7. h4 h5 8. Bd3
Bxd3 9. Qxd3 Ngf6 10. Bf4 e6 11. O-O-O Qa5 12. Kb1 Be7 13. Rhe1 O-O 14. Ng5
Rad8 15. Nxh5 Qa6 16. c4 b5 17. Rxe6 bxc4 18. Qc2 g6 19. Rxe7 Nxh5 20. Bc7 Rde8
21. Rxf7 1-0

[Event "DEM U16 2015"]
[Site "Willingen GER"]
[Date "2015.05.30"]
[Round "9"]
[White "Krüger, David"]
[Black "Haase, Dominik"]
[Result "1-0"]
[Termination "normal"]
[Board "14"]
[WhiteElo "1905"]
[BlackElo "1487"]
[PlyCount "59"]
[WhiteFideId "12921858"]
[BlackFideId "16208781"]
[EventCountry "GER"]
[EventRounds "9"]
[EventType "swiss"]
[EventDate "2015.05.23"]

1. d4 d5 2. Nc3 e6 3. e4 Bb4 4. e5 Nd7 5. Qg4 g6 6. a3 Bxc3+ 7. bxc3 c5 8. h4
cxd4 9. cxd4 Qa5+ 10. Bd2 Qa4 11. c4 Ne7 12. Nf3 dxc4 13. h5 Nf8 14. Ng5 Qc2
15. Ne4 Nf5 16. Nf6+ Kd8 17. Rc1 Qb2 18. Bxc4 b6 19. hxg6 Nxg6 20. Rh3 Nxe5 21.
dxe5 Qxe5+ 22. Ne4 Bb7 23. Rd3+ Ke8 24. Bb5+ Qxb5 25. Nf6+ Kf8 26. Bb4+ Ne7 27.
Nd7+ Ke8 28. Qg7 Qxd3 29. Nf6+ Kd8 30. Qxh8+ 1-0